| 000 | 00364 a2200109 4500 | ||
|---|---|---|---|
| 001 | ART_11162 | ||
| 005 | 20260410161855.0 | ||
| 008 | 260409a | ||
| 245 | 1 | 0 | _aRecapitulación de una propuesta Monetaria y Bancaria para reducir la inflación |
| 100 | 1 | _aBenegas Lynch, Alberto | |
| 773 | 0 |
_tRevista de Economía _g- Nº 35 (dic. 1982) _wREV11077 |
|
| 999 |
_c25369 _d25369 |
||